000 00520nam a2200181Ia 4500
008 230125s9999 xx 000 0 und d
020 _a978-0-26571-508-6
041 _aeng
082 _a003.54
_bTOM
100 _aTomlinson B
_9109912
245 _aGreening Through IT-Information Technology for Environmental Sustainability
260 _c2010
_bThe MIT Press
_aLondon
300 _a210p
500 _aIT
650 _aComputer Management
700 _aTomlinson B
_9109912
999 _c86575
_d86575